[Event "CAN-ch U10"]
[Site "Windsor"]
[Date "2010.07.09"]
[Round "7"]
[White "Xia, Jefferson"]
[Black "Gorry, Matthew"]
[Result "1-0"]
[WhiteElo "843"]
[BlackElo "1092"]
[PlyCount "61"]
[EventDate "2010.07.06"]
[EventType "swiss"]
[EventRounds "7"]
[EventCountry "CAN"]
[SourceTitle "EXT 2012"]
[Source "ChessBase"]
[SourceDate "2011.11.24"]
[SourceVersion "1"]
[SourceVersionDate "2011.11.24"]
[SourceQuality "1"]

1. e4 e5 2. Nf3 Bc5 3. Nc3 h5 4. Bc4 h4 5. d3 Qf6 6. a3 Rh5 7. 0-0 b6 8. Nd5 Qc6 9. Bb5 Qxb5 10. Nxc7+ Kd8 11. Nxb5 Ba6 12. Nc3 Rh6 13. Bxh6 Nxh6 14. Nxe5 d6 15. Nf3 Bc8 16. Nxh4 g5 17. Qh5 gxh4 18. Qxh6 Bd4 19. Qxd6+ Nd7 20. Qxd4 b5 21. Nxb5 a6 22. Nc3 Rb8 23. Nd5 Bb7 24. Qh8+ Nf8 25. Qxf8+ Kd7 26. Qxb8 Bxd5 27. exd5 f5 28. Qe5 f4 29. Qe6+ Kc7 30. Qc6+ Kd8 31. d6 1-0